[Event "POL-chT 2 Liga 2019"]
[Site "Poronin"]
[Date "2019.09.10"]
[Round "4.8"]
[White "Lizak, Jakub"]
[Black "Mis, Mieszko"]
[Result "1/2-1/2"]
[WhiteElo "2236"]
[BlackElo "2320"]
[Annotator "NA"]
[PlyCount "93"]
[EventDate "2019.09.07"]
[EventType "team-tourn"]
[EventCountry "POL"]
[SourceTitle "playchess.com"]
[Source "ChessBase"]
[SourceQuality "1"]
[TimeControl "40/5400+30:1800+30"]

1. c4 {[%emt 0:00:00]} g6 {[%emt 0:02:22]} 2. g3 {[%emt 0:00:00]} Bg7 {[%emt 0:00:21]} 3. Bg2 {[%emt 0:00:00]} c5 {[%emt 0:03:12]} 4. Nc3 {[%emt 0:00:00]} Nc6 {[%emt 0:00:02]} 5. a3 {[%emt 0:00:00]} Nf6 {[%emt 0:03:32]} 6. Rb1 {[%emt 0:00:06]} a5 {[%emt 0:07:27]} 7. d3 {[%emt 0:03:12]} O-O {[%emt 0:01:22]} 8. Nf3 {[%emt 0:01:20]} d5 {[%emt 0:02:44]} 9. cxd5 {[%emt 0:03:40]} Nxd5 {[%emt 0:01:03]} 10. Bd2 {[%emt 0:06:12]} Nc7 {[%emt 0:05:26]} 11. Qc1 {[%emt 0:02:32]} b6 {[%emt 0:15:42]} 12. Bh6 {[%emt 0:00:37]} Bb7 {[%emt 0:01:38]} 13. h4 {[%emt 0:08:54]} Nd4 {[%emt 0:09:01]} 14. h5 {[%emt 0:03:55]} Nxf3+ {[%emt 0:01:47]} 15. Bxf3 {[%emt 0:00:05]} Bxf3 {[%emt 0:00:11]} 16. exf3 {[%emt 0:00:04]} Qxd3 {[%emt 0:03:27]} 17. Bxg7 {[%emt 0:09:10]} Kxg7 {[%emt 0:00:33]} 18. Rh4 {[%emt 0:01:03]} Kh8 {[%emt 0:14:20]} 19. Qh6 {[%emt 0:05:01]} Ne6 {[%emt 0:03:58]} 20. Rd1 {[%emt 0:01:24]} Qf5 {[%emt 0:01:37]} 21. Rd5 {[%emt 0:02:18]} Qf6 {[%emt 0:01:35]} 22. hxg6 {[%emt 0:04:58]} Qxg6 {[%emt 0:00:08]} 23. Rdh5 {[%emt 0:04:03]} Qxh6 {[%emt 0:01:27]} 24. Rxh6 {[%emt 0:00:06]} Rfd8 {[%emt 0:00:37]} 25. Rxh7+ {[%emt 0:01:08]} Kg8 {[%emt 0:00:01]} 26. R7h5 {[%emt 0:05:17]} Nf8 {[%emt 0:00:43]} 27. Nd5 {[%emt 0:04:12]} Ng6 {[%emt 0:02:51]} 28. Rg4 {[%emt 0:00:25]} Ra7 {[%emt 0:05:24]} 29. Nxb6 {[%emt 0:02:49]} Rd3 {[%emt 0:03:16]} 30. Ke2 {[%emt 0:01:06]} Rb3 {[%emt 0:00:53]} 31. Nc4 {[%emt 0:01:35]} Rc7 {[%emt 0:00:59]} 32. f4 {[%emt 0:01:11]} e6 {[%emt 0:01:26]} 33. f5 {[%emt 0:02:36]} exf5 {[%emt 0:00:03]} 34. Rxf5 {[%emt 0:00:08]} Re7+ {[%emt 0:02:14]} 35. Kd2 {[%emt 0:00:20]} a4 {[%emt 0:01:13]} 36. f4 {[%emt 0:08:20]} Re4 {[%emt 0:03:42]} 37. Rxc5 {[%emt 0:00:55]} Kf8 {[%emt 0:00:02]} 38. Rgg5 {[%emt 0:01:11]} Ne7 {[%emt 0:00:36]} 39. Rc7 {[%emt 0:05:24]} f6 {[%emt 0:01:32]} 40. Ra5 {[%emt 0:00:00]} Rxg3 {[%emt 0:00:00]} 41. Ra8+ {[%emt 0:01:11]} Kg7 {[%emt 0:00:58]} 42. Re8 {[%emt 0:00:56]} Rg2+ {[%emt 0:02:25]} 43. Kd3 {[%emt 0:00:31]} Rge2 {[%emt 0:00:02]} 44. Nd6 {[%emt 0:05:27]} R4e3+ {[%emt 0:01:05]} 45. Kd4 {[%emt 0:02:17]} Kg6 {[%emt 0:01:19]} 46. Ra8 {[%emt 0:04:16]} Re6 {[%emt 0:05:30]} 47. Nc4 {[%emt 0:03:33]} 1/2-1/2

[Event "POL-chT 2 Liga 2019"]
[Site "Poronin"]
[Date "2019.09.10"]
[Round "4.9"]
[White "Szpar, Milosz"]
[Black "Duda, Lukasz"]
[Result "1-0"]
[WhiteElo "2309"]
[BlackElo "2209"]
[Annotator "TA"]
[PlyCount "131"]
[EventDate "2019.09.07"]
[EventType "team-tourn"]
[EventCountry "POL"]
[SourceTitle "playchess.com"]
[Source "ChessBase"]
[SourceQuality "1"]

{[%evp 13,131,53,45,33,60,54,51,53,60,39,34,17,14,12,50,47,40,37,69,75,81,84,60,55,67,64,100,92,113,94,75,79,278,272,281,256,294,301,287,283,287,243,255,122,123,-43,45,41,145,19,16,16,18,0,58,57,54,11,96,116,110,100,100,79,286,286,286,286,286,283,266,264,323,326,326,284,325,309,364,357,569,569,661,661,656,654,645,637,630,613,613,597,630,623,616,597,575,567,567,547,526,519,538,537,506,499,457,312,1030,894,1035,998,1072,1046,1580,1350,6634,6496,5933,5435]} 1. e4 d6 2. d4 Nf6 3. Nc3 g6 4. Be3 Bg7 5. Qd2 O-O 6. Bh6 e5 7. Bxg7 Kxg7 8. O-O-O {And now dxe5 would win. B07: Pirc Defence: Miscellaneous Systems} (8. Nge2 c6 9. O-O-O Qa5 10. h4 b5 11. dxe5 dxe5 12. h5 Be6 13. hxg6 fxg6 14. Qd6 Re8 15. Qxe5 Nbd7 16. Qg5 Qc7 17. Nd4 Ne5 18. f4 Nf7 19. Qh4 h6 20. e5 {1-0 (20) Papp,G (2591)-Skoberne,J (2572) Austria 2019}) 8... exd4 9. Qxd4 Nc6 10. Qd2 {White is slightly better.} a6 $146 ({Predecessor:} 10... Qe7 11. f3 h5 12. Nge2 Qe5 13. Nf4 Be6 14. Nfd5 Bxd5 15. exd5 Nb4 {1-0 (39) Klima,L (2339)-Shilov,S (2171) Olomouc 2015}) 11. h4 h5 12. Nge2 b5 13. f3 b4 14. Nd5 a5 15. Nef4 Bb7 16. Nxf6 Qxf6 17. Nd5 Qd8 18. Be2 Ne5 19. f4 Bxd5 20. Qxd5 Nd7 21. e5 Nb6 22. Qb5 d5 $2 (22... Rb8 $16) 23. g4 $1 $18 hxg4 24. Bxg4 Rh8 25. f5 gxf5 26. Bxf5 Rh6 27. Rd4 Qe7 28. Qe2 (28. Rg1+ $18 Kh8 29. Qe2) 28... Rah8 $16 29. Qe1 $2 (29. e6 $16 fxe6 30. Re1) 29... Kf8 ({Black should play} 29... Qg5+ $1 $15 30. hxg5 Rxh1) 30. Qg3 $1 $14 Rh5 {[#]} (30... Rg8 $14 31. Qf4 Rgh8) 31. Rg1 (31. Rf4 $1 $16 {aiming for Bg6.} Nc4 32. Bg6 {[%mdl 64] Double Attack} Qxe5 33. Rxf7+ Kg8 34. Qf4 (34. Qxe5 Nxe5 35. Bxh5 Nxf7 $11) 34... Qxf4+ 35. Rxf4) 31... Ke8 $11 32. Qf2 $36 {[%mdl 2048] next e6! is good for White. White has good play.} Kd8 $1 33. Rg7 {Hoping for e6!} Qxe5 ({Better is} 33... Qf8 $11 34. Rg1 Qe7) 34. Rxf7 $14 {Bg4 is the strong threat.} Re8 35. Rg4 (35. Bg6 $5 {[%cal Rg6h5]} Rhh8 36. Be4 $11) 35... Qe3+ (35... Rhh8 $11 {keeps the balance.}) 36. Qxe3 $16 Rxe3 37. Rg8+ Re8 38. Rgg7 Rxh4 $2 {[#]} (38... a4 $16) 39. Rd7+ $1 $18 {[%mdl 512]} Nxd7 40. Rxd7+ {[%mdl 4160] Endgame Double Attack. KRR-KRB} Kc8 {Strongly threatening ...Kb7.} 41. Rh7+ {[%mdl 64] Discovered Attack} Kb7 42. Rxh4 {KRB-KR} Rg8 43. b3 Rg5 44. Bd3 Rg1+ 45. Kb2 Rg3 46. a4 Kb6 (46... bxa3+ $142 47. Kxa3 Rg1) 47. Rh6+ Kb7 48. Ba6+ Ka7 49. Bb5 Rg5 50. Rc6 Kb7 51. Kc1 Rg1+ {[#]} 52. Kd2 $1 Rg3 53. Re6 Rc3 54. Ba6+ Kb8 55. Rh6 Ka7 56. Be2 Kb7 57. Ra6 c6 58. Rxa5 Rg3 59. Bd3 Rh3 60. c4 bxc3+ $2 (60... Kb6) 61. Kxc3 {White is clearly winning.} Rh8 62. b4 {[%cal Bb3b4,Bb4b5][%mdl 32]} Kb6 63. Ra6+ Kb7 64. b5 c5 65. Rd6 Rh4 66. a5 {Accuracy: White = 68%, Black = 33%.} 1-0

[Event "POL-chT 2 Liga 2019"]
[Site "Poronin"]
[Date "2019.09.10"]
[Round "4.10"]
[White "Gola, Karol"]
[Black "Mika, Tomasz"]
[Result "0-1"]
[WhiteElo "2203"]
[BlackElo "2136"]
[Annotator "NA"]
[PlyCount "78"]
[EventDate "2019.09.07"]
[EventType "team-tourn"]
[EventCountry "POL"]
[SourceTitle "playchess.com"]
[Source "ChessBase"]
[SourceQuality "1"]
[TimeControl "40/5400+30:1800+30"]

1. e4 {[%emt 0:00:00]} e6 {[%emt 0:00:00]} 2. d4 {[%emt 0:00:00]} d5 {[%emt 0:00:00]} 3. exd5 {[%emt 0:00:00]} exd5 {[%emt 0:00:00]} 4. Nf3 {[%emt 0:00:00]} Bd6 {[%emt 0:00:09]} 5. c4 {[%emt 0:00:03]} dxc4 {[%emt 0:05:03]} 6. Bxc4 {[%emt 0:00:07]} Nf6 {[%emt 0:00:59]} 7. O-O {[%emt 0:02:19]} O-O {[%emt 0:00:06]} 8. Nc3 {[%emt 0:00:41]} Nbd7 {[%emt 0:02:27]} 9. Bg5 {[%emt 0:02:12]} c6 {[%emt 0:05:26]} 10. Re1 {[%emt 0:12:12]} Nb6 {[%emt 0:06:26]} 11. Bb3 {[%emt 0:01:24]} Bg4 {[%emt 0:09:45]} 12. h3 {[%emt 0:01:59]} Bh5 {[%emt 0:01:36]} 13. g4 {[%emt 0:00:50]} Bg6 {[%emt 0:00:02]} 14. Ne5 {[%emt 0:02:54]} Re8 {[%emt 0:18:22]} 15. f4 {[%emt 0:10:54]} c5 {[%emt 0:01:17]} 16. f5 {[%emt 0:02:13]} cxd4 {[%emt 0:00:56]} 17. fxg6 {[%emt 0:12:20]} Rxe5 {[%emt 0:00:56]} 18. Bxf7+ {[%emt 0:00:16]} Kh8 {[%emt 0:02:08]} 19. Rxe5 {[%emt 0:14:46]} Bxe5 {[%emt 0:00:21]} 20. Qe1 {[%emt 0:02:26]} Qd6 {[%emt 0:07:39]} 21. Ne4 {[%emt 0:03:20]} Nxe4 {[%emt 0:02:26]} 22. Qxe4 {[%emt 0:00:27]} Rf8 {[%emt 0:10:11]} 23. Qxb7 {[%emt 0:15:07]} d3 {[%emt 0:05:28]} 24. Qe4 {[%emt 0:01:01]} Bxb2 {[%emt 0:10:01]} 25. Rd1 {[%emt 0:02:23]} Qg3+ {[%emt 0:01:39]} 26. Qg2 {[%emt 0:00:42]} Bd4+ {[%emt 0:00:02]} 27. Kh1 {[%emt 0:00:30]} Qe5 {[%emt 0:00:10]} 28. Bh4 {[%emt 0:04:29]} hxg6 {[%emt 0:02:31]} 29. Bxg6 {[%emt 0:00:05]} Nc4 {[%emt 0:02:35]} 30. Qe4 {[%emt 0:03:24]} Qxe4+ {[%emt 0:01:07]} 31. Bxe4 {[%emt 0:00:04]} Nb2 {[%emt 0:02:10]} 32. Rd2 {[%emt 0:05:36]} Bc3 {[%emt 0:00:29]} 33. Rf2 {[%emt 0:01:00]} Rxf2 {[%emt 0:00:06]} 34. Bxf2 {[%emt 0:00:05]} d2 {[%emt 0:00:06]} 35. Bc2 {[%emt 0:00:07]} a5 {[%emt 0:00:43]} 36. Kg2 {[%emt 0:00:21]} d1=Q {[%emt 0:00:08]} 37. Bxd1 {[%emt 0:00:02]} Nxd1 {[%emt 0:00:06]} 38. Bb6 {[%emt 0:00:09]} a4 {[%emt 0:00:56]} 39. Kf3 {[%emt 0:00:38]} Bb4 {[%emt 0:00:29]} 0-1

[Event "POL-chT 2 Liga 2019"]
[Site "Poronin"]
[Date "2019.09.10"]
[Round "4.11"]
[White "Sowinski, Pawel"]
[Black "Kalmuk, Krzysztof"]
[Result "0-1"]
[WhiteElo "1606"]
[BlackElo "1999"]
[Annotator "NA"]
[PlyCount "102"]
[EventDate "2019.09.07"]
[EventType "team-tourn"]
[EventCountry "POL"]
[SourceTitle "playchess.com"]
[Source "ChessBase"]
[SourceQuality "1"]
[TimeControl "40/5400+30:1800+30"]

1. e4 {[%emt 0:00:00]} Nc6 {[%emt 0:00:00]} 2. Nf3 {[%emt 0:00:46]} d6 {[%emt 0:00:08]} 3. d4 {[%emt 0:01:12]} Nf6 {[%emt 0:00:22]} 4. Nc3 {[%emt 0:00:40]} g6 {[%emt 0:00:20]} 5. Bg5 {[%emt 0:00:29]} Bg7 {[%emt 0:00:31]} 6. e5 {[%emt 0:00:43]} Nd7 {[%emt 0:06:51]} 7. exd6 {[%emt 0:03:57]} cxd6 {[%emt 0:00:29]} 8. Bb5 {[%emt 0:01:17]} a6 {[%emt 0:14:45]} 9. Bxc6 {[%emt 0:02:56]} bxc6 {[%emt 0:00:06]} 10. Ne4 {[%emt 0:02:35]} Nf6 {[%emt 0:07:46]} 11. Bxf6 {[%emt 0:02:33]} exf6 {[%emt 0:02:27]} 12. O-O {[%emt 0:01:51]} O-O {[%emt 0:00:34]} 13. c3 {[%emt 0:01:34]} Rb8 {[%emt 0:07:16]} 14. b4 {[%emt 0:03:10]} f5 {[%emt 0:14:34]} 15. Ned2 {[%emt 0:01:45]} g5 {[%emt 0:01:55]} 16. Nb3 {[%emt 0:05:30]} g4 {[%emt 0:06:37]} 17. Nfd2 {[%emt 0:03:20]} f4 {[%emt 0:08:02]} 18. Re1 {[%emt 0:07:17]} Rb5 {[%emt 0:02:27]} 19. Qe2 {[%emt 0:07:08]} Qh4 {[%emt 0:06:26]} 20. Qe7 {[%emt 0:07:03]} Qh6 {[%emt 0:00:17]} 21. Nf1 {[%emt 0:04:55]} f3 {[%emt 0:05:28]} 22. Re3 {[%emt 0:07:59]} fxg2 {[%emt 0:04:54]} 23. Kxg2 {[%emt 0:00:35]} Rh5 {[%emt 0:00:12]} 24. Rae1 {[%emt 0:04:54]} f5 {[%emt 0:00:57]} 25. Kg1 {[%emt 0:05:17]} Rh3 {[%emt 0:05:45]} 26. Nbd2 {[%emt 0:07:05]} f4 {[%emt 0:02:05]} 27. Rxh3 {[%emt 0:03:33]} gxh3 {[%emt 0:00:14]} 28. Qe4 {[%emt 0:02:14]} d5 {[%emt 0:01:35]} 29. Qd3 {[%emt 0:04:28]} Qg5+ {[%emt 0:00:17]} 30. Ng3 {[%emt 0:00:05]} fxg3 {[%emt 0:00:19]} 31. fxg3 {[%emt 0:00:05]} Bf5 {[%emt 0:00:57]} 32. Qe3 {[%emt 0:00:17]} Qxe3+ {[%emt 0:00:20]} 33. Rxe3 {[%emt 0:00:14]} Bh6 {[%emt 0:00:05]} 34. Nf1 {[%emt 0:01:16]} Bxe3+ {[%emt 0:00:30]} 35. Nxe3 {[%emt 0:00:05]} Bd3 {[%emt 0:00:05]} 36. a4 {[%emt 0:00:18]} Rf3 {[%emt 0:00:06]} 37. b5 {[%emt 0:00:08]} cxb5 {[%emt 0:00:07]} 38. axb5 {[%emt 0:00:05]} axb5 {[%emt 0:00:09]} 39. g4 {[%emt 0:00:09]} Rxe3 {[%emt 0:00:15]} 40. Kf2 {[%emt 0:00:00]} Re2+ {[%emt 0:00:00]} 41. Kg3 {[%emt 0:00:12]} Rc2 {[%emt 0:01:03]} 42. g5 {[%emt 0:00:05]} Rxc3 {[%emt 0:00:06]} 43. g6 {[%emt 0:00:06]} Bxg6+ {[%emt 0:00:10]} 44. Kh4 {[%emt 0:00:06]} Kg7 {[%emt 0:00:35]} 45. Kg5 {[%emt 0:00:08]} h6+ {[%emt 0:00:06]} 46. Kh4 {[%emt 0:00:08]} Kf6 {[%emt 0:00:09]} 47. Kg4 {[%emt 0:00:06]} b4 {[%emt 0:00:06]} 48. Kh4 {[%emt 0:00:04]} b3 {[%emt 0:00:09]} 49. Kg4 {[%emt 0:00:06]} b2 {[%emt 0:00:06]} 50. Kh4 {[%emt 0:00:05]} b1=Q {[%emt 0:00:19]} 51. Kg4 {[%emt 0:00:10]} Qe4# {[%emt 0:00:04]} 0-1

[Event "POL-chT 2 Liga 2019"]
[Site "Poronin"]
[Date "2019.09.10"]
[Round "4.12"]
[White "Szydlowska-Duda, Marta"]
[Black "Swiech, Joanna"]
[Result "1/2-1/2"]
[WhiteElo "1986"]
[BlackElo "2055"]
[Annotator "NA"]
[PlyCount "25"]
[EventDate "2019.09.07"]
[EventType "team-tourn"]
[EventCountry "POL"]
[SourceTitle "playchess.com"]
[Source "ChessBase"]
[SourceQuality "1"]
[TimeControl "40/5400+30:1800+30"]

1. d4 d5 2. Bf4 Nf6 3. Nf3 c5 4. e3 {[%emt 0:00:00]} Nc6 {[%emt 0:00:00]} 5. dxc5 {[%emt 0:01:23]} e6 {[%emt 0:01:11]} 6. Bd3 {[%emt 0:03:02]} Bxc5 {[%emt 0:01:14]} 7. c3 {[%emt 0:03:25]} h6 {[%emt 0:02:35]} 8. h3 {[%emt 0:01:02]} Qe7 {[%emt 0:02:21]} 9. Ne5 {[%emt 0:14:25]} Bd6 {[%emt 0:02:54]} 10. Qa4 {[%emt 0:01:37]} Bd7 {[%emt 0:01:56]} 11. Nxd7 {[%emt 0:01:29]} Qxd7 {[%emt 0:03:45]} 12. Bxd6 {[%emt 0:02:48]} Qxd6 {[%emt 0:00:08]} 13. Nd2 {[%emt 0:01:45]} 1/2-1/2

[Event "POL-chT 2 Liga 2019"]
[Site "Poronin"]
[Date "2019.09.10"]
[Round "4.13"]
[White "Nowak, Kamil"]
[Black "Bator, Robert"]
[Result "1/2-1/2"]
[WhiteElo "2296"]
[BlackElo "2358"]
[Annotator "TA"]
[PlyCount "40"]
[EventDate "2019.09.07"]
[EventType "team-tourn"]
[EventCountry "POL"]
[SourceTitle "playchess.com"]
[Source "ChessBase"]
[SourceQuality "1"]

{[%evp 17,40,20,21,18,23,18,23,15,22,14,20,18,49,8,54,14,34,10,14,6,43,20,23,6,8]} 1. d4 d5 2. c4 c6 3. cxd5 cxd5 4. Nc3 Nf6 5. Bf4 Nc6 6. e3 a6 7. Bd3 Bg4 8. Nge2 e6 9. O-O Bd6 10. f3 {D10: Slav Defence: 3 cxd5 (without early Nf3) and 3 Nc3} Bh5 11. Rc1 O-O 12. Na4 {White has an edge.} Bg6 13. Nc5 Bxf4 14. Nxf4 {[#]} Qc7 $146 ({Predecessor:} 14... Qb6 15. Rf2 Rfd8 16. Rc3 Rab8 17. Qa4 {½-½ (32) Landa,K (2639)-Hracek,Z (2624) Germany 2012}) 15. Qd2 Rfc8 16. Rc2 Nd7 17. Rfc1 Nxc5 18. Rxc5 Qd7 19. Bxg6 hxg6 20. Nd3 b6 1/2-1/2

[Event "POL-chT 2 Liga 2019"]
[Site "Poronin"]
[Date "2019.09.10"]
[Round "4.14"]
[White "Marszalek, Maciej"]
[Black "Daniel, Damian"]
[Result "1/2-1/2"]
[WhiteElo "2301"]
[BlackElo "2196"]
[Annotator "TA"]
[PlyCount "44"]
[EventDate "2019.09.07"]
[EventType "team-tourn"]
[EventCountry "POL"]
[SourceTitle "playchess.com"]
[Source "ChessBase"]
[SourceQuality "1"]

{[%evp 11,44,16,18,10,25,17,11,25,37,51,46,43,48,26,19,0,0,0,0,0,9,6,5,7,7,17,16,12,17,17,18,0,17,17,17]} 1. d4 d5 2. c4 e6 3. g3 Nf6 4. Nf3 dxc4 5. Bg2 Bb4+ 6. Bd2 a5 7. Qc2 {E04: Open Catalan: 5 Nf3} Bxd2+ 8. Qxd2 c6 9. a4 Na6 $146 ({Predecessor:} 9... Ne4 10. Qf4 Qb6 11. O-O Qxb2 12. Na3 Nc3 13. Kh1 O-O 14. Nxc4 Qxe2 {½-½ (69) Cheparinov,I (2710)-Wang,H (2709) Riadh 2017}) 10. O-O O-O 11. Na3 Nb4 12. Nxc4 Qc7 13. Qf4 {The position is equal.} Qxf4 14. gxf4 Nfd5 15. e3 f6 16. Nfd2 b6 17. Rfc1 Ba6 18. Bf1 Rab8 19. Ne4 Rfd8 20. b3 Kf8 21. Nb2 Bxf1 22. Kxf1 Ke7 {Accuracy: White = 76%, Black = 53%.} 1/2-1/2

[Event "POL-chT 2 Liga 2019"]
[Site "Poronin"]
[Date "2019.09.10"]
[Round "4.15"]
[White "Stankiewicz, Pawel"]
[Black "Brzeski, Maciej"]
[Result "1/2-1/2"]
[WhiteElo "2138"]
[BlackElo "2339"]
[Annotator "TA"]
[PlyCount "216"]
[EventDate "2019.09.07"]
[EventType "team-tourn"]
[EventCountry "POL"]
[SourceTitle "playchess.com"]
[Source "ChessBase"]
[SourceQuality "1"]

{[%evp 15,215,0,0,-14,0,-12,0,-13,-4,-21,-11,-20,-33,-21,-21,-37,-20,-36,-33,-72,-61,-307,-300,-261,-277,-262,-170,-171,-160,-156,-147,-153,-157,-194,-145,-140,-146,-144,-112,-173,-126,-124,-123,-135,-129,-147,-137,-174,-179,-163,-130,-126,-118,-157,-87,-89,-45,-54,-62,-58,-19,-189,-165,-240,-236,-217,-223,-235,-221,-359,-359,-402,-400,-357,-337,-342,-348,-340,-308,-335,-340,-337,-285,-321,-326,-307,-277,-390,-397,-397,-397,-397,-397,-378,-196,-204,-204,-972,-952,-815,-623,-641,-630,-578,-609,-543,-529,-527,-489,-605,-590,-665,-393,-388,-376,-362,-356,-356,-171,-171,0,-341,0,-171,-171,-171,-171,-188,-191,-194,-194,-529,-179,-188,-189,-197,-199,-224,-224,-198,-171,-420,-270,-468,-363,-704,-591,-783,-612,-681,-401,-1152,-677,-1147,-1147,-1739,-1646,-1375,-1375,-29977,-29979,-29980,-29978,-29978,-29979,-29979,-29978,-29978,-29979,-29979,-393,-393,-386,-386,0,0,0,0,0,0,0,0,0,0,0,0,0,0,0,0,0,0,0,0,0,0,0,0,0,0,0,0]} 1. Nf3 g6 2. g3 Bg7 3. Bg2 c5 4. O-O Nf6 5. d3 Nc6 6. e4 d5 7. Nbd2 b6 8. Re1 O-O 9. exd5 {A08: King's Indian Attack} Nxd5 10. Nc4 Bb7 11. c3 (11. a4 Qc7 12. c3 Rad8 13. Qb3 h6 14. a5 e6 15. Bd2 Nce7 16. axb6 axb6 17. Ra7 Ra8 18. Rea1 Rxa7 19. Rxa7 Ra8 20. Qa4 Rxa7 21. Qxa7 {½-½ (78) Bocharov,D (2560)-Svidler,P (2727) Berlin 2015}) 11... Qc7 12. Qb3 Rfd8 13. Bg5 $146 ({Predecessor:} 13. a4 a6 14. Ng5 e6 15. Bxd5 exd5 16. Nxb6 Na5 17. Nxa8 Bxa8 {0-1 (57) Wynn,Z (2407)-Mansour,S (2245) Baku 2016}) 13... h6 14. Bd2 Rab8 15. a4 a6 {[%cal Ba7a6,Ba6b5][%mdl 32]} 16. Nh4 Ba8 17. Rad1 e6 18. Bh3 $2 (18. Qc2 $15) 18... b5 $19 19. axb5 axb5 20. Ne3 Ne5 21. Nxd5 Bxd5 22. Qc2 g5 23. f4 Nxd3 24. Qxd3 gxh4 25. Qe3 hxg3 26. hxg3 Bb3 27. Ra1 (27. Rc1 $17) 27... Qd6 28. Re2 Bc4 29. Rf2 Ra8 30. Rxa8 Rxa8 31. f5 Ra1+ 32. Kh2 Bd5 {[%csl Gd5][%cal Ra1h1]} 33. Bg2 Bxg2 34. Kxg2 Qd5+ ({Black should try} 34... exf5 35. Qf3 Qe6) 35. Qf3 $17 Qxf5 $40 {[%mdl 128] Black attacks.} 36. Qxf5 exf5 {[%mdl 4096] Endgame KRB-KRB} 37. Be3 c4 38. Bc5 $2 (38. Rxf5 $11 {and White has nothing to worry.} Rb1 39. Rxb5) 38... Rb1 39. Kf3 (39. Ba3 {might work better.}) 39... Kh7 $19 40. Rd2 Kg6 41. Ba3 Be5 42. Rd5 (42. Bc5 $142) 42... f6 43. Rxb5 Rg1 44. Kf2 Rd1 45. Rc5 Rd2+ 46. Ke3 Rd3+ 47. Ke2 Rxg3 48. Rxc4 f4 49. Bc5 Kf5 50. Bf2 Rh3 51. b4 (51. Rc8 $142) 51... Bxc3 52. b5 Be5 53. Rb4 Ra3 {And now ...f3+ would win.} 54. Rb1 Ke4 (54... f3+ $142 55. Kf1 h5) 55. Rb4+ Kd5 {aiming for ...f3+.} 56. b6 $2 (56. Kf1) 56... f3+ 57. Kd1 Ra2 58. Rb5+ {[#]} Kc4 $1 59. Rc5+ Kd3 60. Rd5+ {[#]} Ke4 $1 61. Rd2 Ra5 62. Rc2 Rb5 63. Kd2 Rb3 64. Rc4+ Kf5 65. Ra4 h5 66. Rc4 Rb2+ (66... Bd6 $142 67. Kc2 Ra3) 67. Ke3 Rb3+ $2 (67... Rxb6 {Hoping for ...Rb3+.} 68. Kxf3 Rb3+ 69. Be3 Rb2) 68. Kd2 Rb2+ (68... Bd6 $142 69. Kc2 Ra3) 69. Ke3 $1 Rxb6 70. Kxf3 Rb3+ 71. Be3 Bd6 72. Rh4 Kg6 {White must now prevent ...Bc5.} 73. Rc4 $2 {[#]} (73. Kf2 {nothing else works.}) 73... Bf8 $2 (73... h4 $1 {Strongly threatening ...h3.} 74. Kf2 (74. Rxh4 Bc5) 74... h3) 74. Kf2 Bh6 75. Bd4 Bg5 76. Rc3 Rb4 77. Bc5 Ra4 78. Be7 $2 (78. Bd6) 78... Kf5 79. Kg2 $2 (79. Bd6 {was forced.}) 79... Bf4 80. Rb3 $2 (80. Kh3) 80... Ra7 81. Rb5+ Be5 82. Bf8 Ra8 83. Bh6 (83. Be7 $142) 83... Ra2+ 84. Kf3 h4 85. Rd5 h3 86. Rd1 h2 87. Be3 Ra3 88. Kf2 Ke4 89. Bd2 {[#]} Ra2 $1 90. Kg2 Kd3 91. Kh1 Rxd2 {KRB-KR} 92. Re1 Kc4 $2 (92... Ra2 {mates} 93. Rd1+ Kc2 94. Rc1+ Kb3 95. Rb1+ Kc3 96. Rc1+ Kb4 97. Rb1+ Rb2 98. Rc1 Rb3 99. Kg2 Rc3 100. Rb1+ Kc4 101. Kh1 Rg3 102. Rc1+ Kd4 103. Ra1 Ke3 104. Rc1 Rg1+ $1 {[%mdl 576] Promotion} 105. Rxg1 hxg1=Q+ 106. Kxg1 f5 107. Kh1 f4 108. Kg2 f3+ 109. Kh3 Ke4 110. Kg4 f2 111. Kh3 f1=Q+ 112. Kg4 Qg1+ 113. Kh5 Kf5 114. Kh6 Qh2#) 93. Rc1+ Kd5 94. Rc5+ {[#]} Kd6 $2 (94... Kd4 $1 $19 95. Rc4+ Ke3 96. Re4+ Kd3 97. Re3+ Kc2 98. Rc3+ Kd1 99. Rc1+ Ke2 100. Re1+ Kf2 101. Rf1+ Ke3 102. Re1+ Kd4 103. Re4+ Kd3 104. Rd4+ Kc2 105. Rc4+ Kd1 106. Rc1+ Ke2 107. Re1+ Kd3 108. Re3+ Kc2 109. Rc3+ Kd1 110. Rc1+) 95. Rc6+ $1 $11 {The position is equal.} Ke7 (95... Kd7 $5 {[%cal Rd2d1]} 96. Rc7+ Kd8 97. Rc8+ Ke7 98. Re8+ Kf7 99. Rf8+ Ke6 100. Re8+ Kf5 101. Rxe5+ Kg6 $11) 96. Re6+ $1 Kd7 97. Re7+ $1 Kc8 98. Rc7+ $1 Kd8 99. Rc8+ $1 Ke7 100. Re8+ $1 Kf7 101. Rf8+ Ke7 102. Re8+ Kf7 103. Rf8+ Ke6 104. Rxf6+ Kd7 105. Rf7+ $1 Kc6 {( -> ...Rd1+)} 106. Rc7+ $1 Kd5 107. Rd7+ Bd6 108. Rxd6+ $1 Kxd6 {Accuracy: White = 32%, Black = 61%.} 1/2-1/2

[Event "POL-chT 2 Liga 2019"]
[Site "Poronin"]
[Date "2019.09.10"]
[Round "4.16"]
[White "Jaskolka, Tomasz"]
[Black "Zminda, Bogdan"]
[Result "1/2-1/2"]
[WhiteElo "2236"]
[BlackElo "1970"]
[Annotator "NA"]
[PlyCount "64"]
[EventDate "2019.09.07"]
[EventType "team-tourn"]
[EventCountry "POL"]
[SourceTitle "playchess.com"]
[Source "ChessBase"]
[SourceQuality "1"]
[TimeControl "40/5400+30:1800+30"]

1. d4 {[%emt 0:00:00]} Nf6 {[%emt 0:00:00]} 2. c4 {[%emt 0:00:00]} g6 {[%emt 0:00:00]} 3. Nc3 {[%emt 0:00:00]} Bg7 {[%emt 0:00:26]} 4. e4 {[%emt 0:00:08]} d6 {[%emt 0:00:09]} 5. Be2 {[%emt 0:00:24]} O-O {[%emt 0:00:32]} 6. Be3 {[%emt 0:00:06]} e5 {[%emt 0:02:22]} 7. d5 {[%emt 0:00:19]} Na6 {[%emt 0:01:09]} 8. Qd2 {[%emt 0:00:22]} Ng4 {[%emt 0:01:38]} 9. Bxg4 {[%emt 0:00:07]} Bxg4 {[%emt 0:00:02]} 10. f3 {[%emt 0:02:24]} Bd7 {[%emt 0:00:09]} 11. g4 {[%emt 0:08:20]} f5 {[%emt 0:01:24]} 12. gxf5 {[%emt 0:04:24]} gxf5 {[%emt 0:00:03]} 13. O-O-O {[%emt 0:06:36]} f4 {[%emt 0:05:41]} 14. Bf2 {[%emt 0:03:06]} Nc5 {[%emt 0:01:36]} 15. h4 {[%emt 0:05:22]} b6 {[%emt 0:05:31]} 16. h5 {[%emt 0:14:15]} Bf6 {[%emt 0:00:36]} 17. Nge2 {[%emt 0:04:29]} Kh8 {[%emt 0:00:19]} 18. b4 {[%emt 0:24:41]} Na4 {[%emt 0:02:34]} 19. Rdg1 {[%emt 0:07:11]} Nxc3 {[%emt 0:01:02]} 20. Qxc3 {[%emt 0:00:04]} a5 {[%emt 0:05:13]} 21. b5 {[%emt 0:00:04]} Qe7 {[%emt 0:08:03]} 22. Qe1 {[%emt 0:06:00]} Rg8 {[%emt 0:00:17]} 23. Kd2 {[%emt 0:02:11]} Rxg1 {[%emt 0:00:25]} 24. Qxg1 {[%emt 0:00:54]} Rg8 {[%emt 0:00:31]} 25. Qh2 {[%emt 0:01:21]} Qg7 {[%emt 0:08:00]} 26. h6 {[%emt 0:02:53]} Qg2 {[%emt 0:00:45]} 27. Bh4 {[%emt 0:00:51]} Bxh4 {[%emt 0:00:31]} 28. Qxh4 {[%emt 0:00:04]} Qg5 {[%emt 0:00:35]} 29. Qh2 {[%emt 0:01:13]} Rg6 {[%emt 0:01:37]} 30. Ke1 {[%emt 0:02:01]} Qg2 {[%emt 0:05:08]} 31. Qh4 {[%emt 0:00:46]} Qg5 {[%emt 0:00:31]} 32. Qh2 {[%emt 0:00:20]} Qg2 {[%emt 0:00:40]} 1/2-1/2